000 00631nam a2200205Ii 4500
001 2717
003 CO-ViMGA
008 241108s9999||||xx |||||||||||||| ||und||
040 _aCO-ViMGA
_bspa
_erda
_cCO-ViMGA
041 0 _aspa
082 0 4 _a409.86 F44h
100 1 _aJennie Figueroa Lorza
_948496
245 1 0 _aHuellas del camino:
_bAnécdotas de las encuestas para el ALEC
264 1 _aBogotá, Colombia : Instituto Caro y Cuervo, 1988
300 _avolumen
336 _atext
_btxt
_2rdacontent
337 _aunmediated
_bn
_2rdamedia
338 _avolume
_bnc
_2rdacarrier
940 _aidficha_siabuc: 2658. -- ficha_no_siabuc:2717
999 _c43138
_d43138